Score 0/20 Timer 20:00
0 Plays Today
% Correct
Zealand
79.9%
America
77.8%
Guitar
74.2%
Mark
71.2%
Hamlet
70.3%
Kettle
68.8%
Duke
66.7%
Tahiti
65.8%
Death
65.5%
Day
53.2%
% Correct
Chess
45.3%
Hurricane
41.1%
Pe
39%
Fly
39%
Brooks
37.2%
Arapaho
35.4%
Walker
32.1%
Sahara
28.5%
Mohawk
27.3%
C#
21.6%

You're not logged in!

Compare scores with friends on all Sporcle quizzes.
OR
Log In

Sporcle TV

Today on Sporcle TV


Watch our educational content, quiz creation guides, and fun videos on Sporcle TV.

Show Comments

Extras

Top Quizzes Today


Score Distribution

Paid Content

Your Account Isn't Verified!

In order to create a playlist on Sporcle, you need to verify the email address you used during registration. Go to your Sporcle Settings to finish the process.

Report this User

Report this user for behavior that violates our Community Guidelines.

Details: